Economic analysis of the law : selected readings /

Bibliographic Details
Other Authors: Wittman, Donald A.
Format: Book
Language:English
Published: Malden, Mass. : Blackwell Publishing, 2003.
Subjects:

MARC

Tag First Indicator Second Indicator Subfields
LEADER 00000cam a22000004a 4500
001 in00001700021
005 20151024173114.0
008 020207s2003 mau b 001 0 eng
010 |a  2002001969 
020 |a 0631231579 (hbk : alk. paper) 
020 |a 0631231587 (pbk : alk. paper) 
035 |a (OCoLC)ocm49002010 
040 |a DLC  |c DLC  |d TXA  |d UtOrBLW 
042 |a pcc 
049 |a TXAM 
050 0 0 |a K487.E3  |b E26 2003 
082 0 0 |a 330  |2 21 
245 0 0 |a Economic analysis of the law :  |b selected readings /  |c edited by Donald A. Wittman. 
264 1 |a Malden, Mass. :  |b Blackwell Publishing,  |c 2003. 
300 |a xi, 339 pages ;  |c 25 cm. 
336 |a text  |b txt  |2 rdacontent 
337 |a unmediated  |b n  |2 rdamedia 
338 |a volume  |b nc  |2 rdacarrier 
504 |a Includes bibliographical references and index. 
650 0 |a Law  |x Economic aspects. 
700 1 |a Wittman, Donald A. 
948 |a cataloged  |b h  |c 2002/11/18  |d c  |e dmitchel  |f 12:12:12 pm 
994 |a E0  |b TXA 
999 |a MARS 
999 f f |s 2a78e618-5198-3d5b-a84a-1bdb40b44ae2  |i e362e8c4-aaad-3618-87d2-a68e2f294440  |t 0 
952 f f |p normal  |a Texas A&M University  |b College Station  |c Sterling C. Evans Library  |d Evans: Library Stacks  |t 0  |e K487.E3 E26 2003  |h Library of Congress classification  |i unmediated -- volume  |m A14829460575 
998 f f |a K487.E3 E26 2003  |t 0  |l Evans: Library Stacks